000 00899nam a2200265 a 4500
001 BRCA_8068
005 20190320210122.0
008 020414s--------nyua###f##---#001-0#eng-#
041 _aeng
044 _anyu
050 4 _aN620
_b.C38 6
245 1 0 _aModern master prints & drawings
_bcatalogue 43.
260 _aNueva York
_bWilliam H. Schab Gallery
300 _a76 p.
_bil., (algunas a color) 103 láminas
_c29 cm.
500 _aY91
500 _aVer también CEF58, CEF59, DD38, CEF78 e Y90
500 _aCatálogo de subasta inventariado por Banco de México como libro
650 1 4 _aArtes decorativas
_vCatálogos
_914086
650 1 4 _aArte
_vSubastas
_919017
650 1 4 _aArte
_vColeccionistas y colecciones
_zEstados Unidos
_918674
650 1 4 _aGalerías y museos
_zEstados Unidos
_97437
710 2 _aGalería William H. Schab (Nueva York)
_912965
902 _aGFM
942 _2lcc
_cB
999 _c7736
_d7736